000 00427nab a2200145Ia 4500
003 ES-SlBCS
005 20210601133849.0
008 140529s1960 xxu||||| |||| 00| 0 por d
041 _apor
100 1 _aSoares Gomes, Francisco
_9207866
245 0 0 _aSampaio Bruno
_c Francisco Soares Gomes
650 0 4 _aSampaio Bruno
_9207289
773 0 _tRevista Portuguesa de Filosofia
_gvol. 16, 1960, págs. 150-156
_wRev379
942 _cAR
999 _c603360
_d603360